[Event "IND-ch 57th"]
[Site "Majitar"]
[Date "2019.12.10"]
[Round "1"]
[White "Lalith, Babu MR"]
[Black "Likhit, Chilukuri"]
[Result "1-0"]
[WhiteElo "2556"]
[BlackElo "1954"]
[PlyCount "41"]
[EventDate "2019.12.10"]
[EventType "swiss"]
[EventRounds "11"]
[EventCountry "IND"]
[SourceTitle "CBM 193 Extra"]
[Source "ChessBase"]
[SourceDate "2020.01.31"]
[SourceVersion "1"]
[SourceVersionDate "2020.01.31"]
[SourceQuality "1"]

1. c4 Nf6 2. Nc3 g6 3. e4 d6 4. d4 Bg7 5. Nf3 0-0 6. h3 e5 7. d5 Nh5 8. g3 f5 9. exf5 gxf5 10. Nh4 Nf4 11. gxf4 Qxh4 12. Rg1 Kh8 13. fxe5 Bxe5 14. Bg5 Qd4 15. Qxd4 Bxd4 16. Nb5 Bb6 17. c5 dxc5 18. 0-0-0 Nd7 19. d6 c6 20. Nc7 Rb8 21. Bh6 1-0

[Event "Bengaluru Karnataka op"]
[Site "Bengaluru"]
[Date "2018.04.15"]
[Round "4"]
[White "Likhit, Chilukuri"]
[Black "Shriya, R Revankar"]
[Result "1-0"]
[WhiteElo "1988"]
[BlackElo "1472"]
[PlyCount "117"]
[EventDate "2018.04.14"]
[EventType "swiss"]
[EventRounds "10"]
[EventCountry "IND"]
[SourceTitle "CBM 184 Extra"]
[Source "ChessBase"]
[SourceDate "2018.06.28"]
[SourceVersion "1"]
[SourceVersionDate "2018.06.28"]
[SourceQuality "1"]

1. e4 c5 2. Nc3 Nc6 3. Bb5 Nd4 4. Bc4 e6 5. Nge2 a6 6. a3 Nf6 7. 0-0 d5 8. exd5 exd5 9. Ba2 Be7 10. d3 Nxe2+ 11. Qxe2 0-0 12. Bg5 Be6 13. h3 Re8 14. Rfe1 b5 15. Qf3 Rc8 16. Rad1 Kh8 17. Ne2 Ng8 18. Bxe7 Nxe7 19. Nf4 Qd7 20. Nxe6 fxe6 21. Qf7 Rc6 22. Re3 Qc8 23. Rde1 Ng8 24. Qf4 Rf8 25. Qg4 Nh6 26. Qd1 Nf5 27. Re5 c4 28. c3 Rf6 29. Bb1 Nh6 30. Qe2 g6 31. d4 Nf7 32. Re3 Qd7 33. Qg4 Kg7 34. h4 h6 35. Rg3 Nh8 36. h5 g5 37. Rge3 Qf7 38. Qe2 Kf8 39. Bc2 Qd7 40. Bd1 a5 41. Qc2 a4 42. Bg4 Kg7 43. Kf1 Nf7 44. Rf3 Qe7 45. Ree3 Nh8 46. Rxf6 Qxf6 47. Rf3 Qe7 48. Qe2 Nf7 49. Bf5 Qd6 50. Bg6 Rc7 51. Bxf7 Rxf7 52. Qc2 Rxf3 53. Qg6+ Kf8 54. Qxh6+ Ke7 55. gxf3 Qf4 56. Kg2 Qh4 57. Qg7+ Kd6 58. h6 g4 59. fxg4 1-0

[Event "Leiden LCT op-A 11th"]
[Site "Leiden"]
[Date "2017.07.17"]
[Round "4"]
[White "Likhit, Chilukuri"]
[Black "Blankert, Willem"]
[Result "0-1"]
[WhiteElo "2125"]
[BlackElo "1966"]
[PlyCount "92"]
[EventDate "2017.07.14"]
[EventType "swiss"]
[EventRounds "9"]
[EventCountry "NED"]
[SourceTitle "EXT 2018"]
[Source "ChessBase"]
[SourceDate "2017.10.13"]
[SourceVersion "1"]
[SourceVersionDate "2017.10.13"]
[SourceQuality "1"]

1. e4 e6 2. d4 d5 3. Nc3 Bb4 4. e5 b6 5. Qg4 Bf8 6. a4 Nc6 7. Bb5 Bd7 8. Bg5 Nge7 9. Nh3 h6 10. Bh4 g5 11. Bg3 Nb4 12. Bxd7+ Qxd7 13. Qd1 Nf5 14. Ne2 c5 15. c3 Nc6 16. Nhg1 cxd4 17. Nxd4 Ncxd4 18. cxd4 Bb4+ 19. Kf1 Rc8 20. Ne2 h5 21. h4 g4 22. Bf4 a5 23. Qd3 Be7 24. g3 Kf8 25. Kg2 Kg7 26. Ra2 Rc7 27. b3 Rhc8 28. Bg5 Rh8 29. Raa1 Qd8 30. Nf4 Bxg5 31. hxg5 Qxg5 32. Qd2 Kg8 33. Rac1 Rxc1 34. Rxc1 h4 35. Rc8+ Kh7 36. Rc7 h3+ 37. Kh2 Kg8 38. Qc3 Nh4 39. Nxe6 Qf5 40. Rc8+ Kh7 41. Rxh8+ Kxh8 42. Qc8+ Kh7 43. Nf8+ Kg7 44. Qxf5 Nxf5 45. Nd7 Nxd4 46. Nxb6 Nf3+ 0-1

[Event "Barbera del Valles op 40th"]
[Site "Barbera del Valles"]
[Date "2017.07.09"]
[Round "6"]
[White "Quirhuayo Chumbe, German Gonzalo"]
[Black "Likhit, Chilukuri"]
[Result "1-0"]
[WhiteElo "2376"]
[BlackElo "2125"]
[PlyCount "77"]
[EventDate "2017.07.04"]
[EventType "swiss"]
[EventRounds "9"]
[EventCountry "ESP"]
[SourceTitle "EXT 2018"]
[Source "ChessBase"]
[SourceDate "2017.10.13"]
[SourceVersion "1"]
[SourceVersionDate "2017.10.13"]
[SourceQuality "1"]

1. e4 e6 2. d4 d5 3. Nc3 Nf6 4. Bg5 Bb4 5. e5 h6 6. Bc1 Ne4 7. Qg4 g6 8. Nge2 c5 9. a3 Bxc3+ 10. bxc3 cxd4 11. cxd4 Qa5+ 12. c3 Nc6 13. Qh3 f6 14. Qd3 fxe5 15. f3 Nd6 16. Qxg6+ Nf7 17. Bd2 Bd7 18. Qf6 Qb6 19. dxe5 Ncxe5 20. Nd4 Rg8 21. h3 Rg6 22. Qh4 Qb2 23. Rc1 Qxa3 24. f4 Nc4 25. Bxc4 dxc4 26. 0-0 Qe7 27. Qh5 Rf6 28. Be1 0-0-0 29. Bh4 Rg8 30. Ra1 a6 31. Rae1 Rg7 32. Rf2 Nd8 33. Qe5 Rgf7 34. Bxf6 Qxf6 35. Qxf6 Rxf6 36. g4 b5 37. g5 Rg6 38. h4 hxg5 39. fxg5 1-0

[Event "New Delhi Parsvnath op 15th"]
[Site "New Delhi"]
[Date "2017.01.10"]
[Round "2"]
[White "Likhit, Chilukuri"]
[Black "Sivuk, Vitaly"]
[Result "0-1"]
[WhiteElo "2206"]
[BlackElo "2540"]
[PlyCount "108"]
[EventDate "2017.01.09"]
[EventType "swiss"]
[EventRounds "10"]
[EventCountry "IND"]
[SourceTitle "CBM 176 Extra"]
[Source "ChessBase"]
[SourceDate "2017.03.02"]
[SourceVersion "1"]
[SourceVersionDate "2017.03.02"]
[SourceQuality "1"]

1. e4 e5 2. Nf3 Nc6 3. Bc4 Nf6 4. d3 Be7 5. Bb3 0-0 6. 0-0 d6 7. c3 Bg4 8. Re1 Nd7 9. Nbd2 Nc5 10. Bc2 Ne6 11. Nf1 Ng5 12. Bxg5 Bxg5 13. h3 Bd7 14. Nxg5 Qxg5 15. Re3 Ne7 16. Rg3 Qh4 17. d4 Rad8 18. dxe5 Bb5 19. exd6 Rxd6 20. Qg4 Qxg4 21. Rxg4 Ng6 22. Ne3 Rd2 23. Rd1 Rfd8 24. Rxd2 Rxd2 25. Rg5 c6 26. c4 Bxc4 27. Rc5 Be6 28. Kf1 Nf4 29. Ke1 Rd4 30. h4 a6 31. a3 Nd3+ 32. Bxd3 Rxd3 33. Rc2 Kf8 34. Ke2 Rb3 35. g4 h6 36. f4 f6 37. Rd2 Ke7 38. f5 Bf7 39. Kf3 a5 40. Kf4 a4 41. Nd1 g5+ 42. fxg6 Bxg6 43. Nc3 b5 44. e5 fxe5+ 45. Kxe5 b4 46. Nxa4 bxa3 47. bxa3 Re3+ 48. Kd4 Re4+ 49. Kc5 Rxa4 50. Kxc6 Rc4+ 51. Kb5 Rxg4 52. Re2+ Kf6 53. Rh2 h5 54. Rh3 Bf5 0-1

[Event "Mumbai Wealth op 2nd"]
[Site "Mumbai"]
[Date "2016.12.26"]
[Round "1"]
[White "Tukhaev, Adam"]
[Black "Likhit, Chilukuri"]
[Result "1-0"]
[WhiteElo "2516"]
[BlackElo "2206"]
[PlyCount "63"]
[EventDate "2016.12.26"]
[EventType "swiss"]
[EventRounds "9"]
[EventCountry "IND"]
[SourceTitle "CBM 176 Extra"]
[Source "ChessBase"]
[SourceDate "2017.03.02"]
[SourceVersion "1"]
[SourceVersionDate "2017.03.02"]
[SourceQuality "1"]

1. e4 e6 2. d4 d5 3. e5 c5 4. c3 Nc6 5. Nf3 Bd7 6. Be2 Rc8 7. 0-0 Nge7 8. Na3 Nf5 9. Nc2 cxd4 10. cxd4 Qb6 11. h4 h5 12. Bd3 Be7 13. Bxf5 exf5 14. Bg5 Be6 15. Qd2 Bxg5 16. Nxg5 Ne7 17. Rfc1 Kd7 18. Nb4 Rxc1+ 19. Rxc1 Rc8 20. Rxc8 Kxc8 21. Nf3 Kd8 22. Nd3 Qa6 23. Nc5 Qc6 24. Kh2 b6 25. Nd3 g6 26. Ng5 Kd7 27. Nf4 a5 28. Nh7 Qb5 29. Nxe6 fxe6 30. Nf8+ Ke8 31. Nxe6 Qc6 32. Nf4 1-0

[Event "Abu Dhabi op 23rd"]
[Site "Abu Dhabi"]
[Date "2016.08.24"]
[Round "5"]
[White "Kunal, M."]
[Black "Likhit, Chilukuri"]
[Result "1-0"]
[WhiteElo "2302"]
[BlackElo "2133"]
[PlyCount "99"]
[EventDate "2016.08.21"]
[EventType "swiss"]
[EventRounds "9"]
[EventCountry "UAE"]
[SourceTitle "CBM 174 Extra"]
[Source "ChessBase"]
[SourceDate "2016.10.10"]
[SourceVersion "1"]
[SourceVersionDate "2016.10.10"]
[SourceQuality "1"]

1. e4 e6 2. d4 d5 3. Nd2 Nf6 4. e5 Nfd7 5. c3 c5 6. Bd3 Nc6 7. Ne2 cxd4 8. cxd4 f6 9. exf6 Qxf6 10. Nf3 h6 11. 0-0 Bd6 12. Nc3 0-0 13. Be3 Rd8 14. Rc1 Nf8 15. Bb1 Bd7 16. h3 Be8 17. Nh2 Bg6 18. Ng4 Qh4 19. Bxg6 Nxg6 20. Qd3 Nge7 21. Ne2 Nf5 22. f4 Rac8 23. Bf2 Qe7 24. Ne5 Bxe5 25. dxe5 Qf7 26. g4 Nfe7 27. Bc5 g6 28. b4 Kg7 29. b5 b6 30. Bf2 Na5 31. Bh4 Rxc1 32. Rxc1 Rc8 33. Bf6+ Kh7 34. Rxc8 Nxc8 35. Nd4 Nb7 36. Qc2 Nc5 37. Nb3 Nd6 38. Nxc5 bxc5 39. Qxc5 Ne4 40. Qc8 Nxf6 41. exf6 Qxf6 42. Qc7+ Kg8 43. Qb8+ Kh7 44. Qxa7+ Kg8 45. Qb8+ Kh7 46. Qc7+ Kg8 47. Qe5 Qe7 48. Kg2 Kf7 49. g5 hxg5 50. fxg5 1-0

[Event "Abu Dhabi op 23rd"]
[Site "Abu Dhabi"]
[Date "2016.08.23"]
[Round "4"]
[White "Likhit, Chilukuri"]
[Black "Muthaiah, Al"]
[Result "1/2-1/2"]
[WhiteElo "2133"]
[BlackElo "2289"]
[PlyCount "148"]
[EventDate "2016.08.21"]
[EventType "swiss"]
[EventRounds "9"]
[EventCountry "UAE"]
[SourceTitle "CBM 174 Extra"]
[Source "ChessBase"]
[SourceDate "2016.10.10"]
[SourceVersion "1"]
[SourceVersionDate "2016.10.10"]
[SourceQuality "1"]

1. e4 c5 2. Be2 Nc6 3. f4 e6 4. Nf3 d5 5. d3 Nf6 6. e5 Nd7 7. 0-0 Be7 8. c4 0-0 9. Nc3 Nb6 10. Bd2 f5 11. Be1 Bd7 12. Bf2 d4 13. Nb1 h6 14. Nbd2 g5 15. g3 Kh7 16. Ne1 Rg8 17. Kh1 Be8 18. h3 gxf4 19. gxf4 Nd7 20. Bh5 Nf8 21. Bxe8 Qxe8 22. Ng2 Ng6 23. Qf3 Rg7 24. Rg1 Qf7 25. Nf1 Rag8 26. Ng3 Nh4 27. Nxh4 Bxh4 28. Nh5 Rxg1+ 29. Rxg1 Rxg1+ 30. Kxg1 Bd8 31. Be1 Kg8 32. Kf1 Kf8 33. a3 a5 34. b3 Ke8 35. Ke2 Kd7 36. b4 axb4 37. axb4 cxb4 38. Bxb4 Qg6 39. Be1 Kc8 40. Ng3 Kd7 41. Nh5 Ke8 42. Ng3 Kf7 43. Kf1 Bh4 44. Kg2 Bxg3 45. Bxg3 Ke8 46. Qe2 Qf7 47. Qb2 Qe7 48. Bf2 Qb4 49. Bxd4 Qxb2+ 50. Bxb2 Nb4 51. d4 Nd3 52. Ba1 Nxf4+ 53. Kg3 Ng6 54. Bc3 Kd7 55. d5 Ne7 56. d6 Ng6 57. Bd4 Kc6 58. Kf3 Nf8 59. Kg3 Nd7 60. Kh4 b5 61. cxb5+ Kxb5 62. Kg3 Kc4 63. Ba1 Kd3 64. Kf3 Kd2 65. Bd4 Kd3 66. Ba1 Kc4 67. Bb2 Kd5 68. Bc3 Kc4 69. Ba1 Kb3 70. Bd4 Kc2 71. Ba1 Kd3 72. Bb2 Kc2 73. Bd4 Kd3 74. Bb2 Nb8 1/2-1/2

[Event "Abu Dhabi op 23rd"]
[Site "Abu Dhabi"]
[Date "2016.08.23"]
[Round "3"]
[White "Thavandiran, Shiyam"]
[Black "Likhit, Chilukuri"]
[Result "1/2-1/2"]
[WhiteElo "2344"]
[BlackElo "2133"]
[PlyCount "135"]
[EventDate "2016.08.21"]
[EventType "swiss"]
[EventRounds "9"]
[EventCountry "UAE"]
[SourceTitle "CBM 174 Extra"]
[Source "ChessBase"]
[SourceDate "2016.10.10"]
[SourceVersion "1"]
[SourceVersionDate "2016.10.10"]
[SourceQuality "1"]

1. e4 e6 2. d4 d5 3. Nc3 Bb4 4. a3 Bxc3+ 5. bxc3 dxe4 6. Qg4 Nf6 7. Qxg7 Rg8 8. Qh6 Rg6 9. Qe3 b6 10. Ne2 Bb7 11. Nf4 Rg8 12. Bb5+ Nc6 13. c4 Qd6 14. c5 bxc5 15. dxc5 Qe5 16. Rb1 Ng4 17. Qe2 Qxc5 18. h3 Nf6 19. Be3 Qc3+ 20. Bd2 Qc5 21. Be3 Qc3+ 22. Bd2 Qc5 23. 0-0 Nd5 24. Nxd5 Qxd5 25. Be3 Qf5 26. Kh1 Ke7 27. g4 Qf3+ 28. Qxf3 exf3 29. Ba4 Nd8 30. Rfd1 Bc6 31. Bc5+ Kf6 32. Bxc6 Nxc6 33. Rd3 e5 34. Rb7 e4 35. Rd7 Nd8 36. Be7+ Kg6 37. Rbxc7 Ne6 38. Rb7 Rgb8 39. Rxb8 Rxb8 40. Bb4 a5 41. Bxa5 Rb1+ 42. Kh2 e3 43. Kg3 e2 44. Kxf3 e1Q 45. Bxe1 Rxe1 46. Kg3 Re4 47. Rd6 Kg7 48. Rc6 Ra4 49. Rc3 Nd4 50. Kh4 Nb5 51. Rc6 Nxa3 52. Kg5 Nb5 53. c4 Nd4 54. Rc8 Nf3+ 55. Kf5 Ra2 56. Kf4 Nd4 57. Ke4 Ne6 58. f4 Re2+ 59. Kf3 Nd4+ 60. Kg3 Re3+ 61. Kg2 Rc3 62. f5 h5 63. gxh5 Nxf5 64. Rc7 Nd6 65. h6+ Kxh6 66. Rc6 Rxc4 67. Rxd6+ Kg5 68. Rd5+ 1/2-1/2

[Event "Abu Dhabi op 23rd"]
[Site "Abu Dhabi"]
[Date "2016.08.22"]
[Round "2"]
[White "Likhit, Chilukuri"]
[Black "Kovalyov, Anton"]
[Result "0-1"]
[WhiteElo "2133"]
[BlackElo "2617"]
[PlyCount "76"]
[EventDate "2016.08.21"]
[EventType "swiss"]
[EventRounds "9"]
[EventCountry "UAE"]
[SourceTitle "CBM 174 Extra"]
[Source "ChessBase"]
[SourceDate "2016.10.10"]
[SourceVersion "1"]
[SourceVersionDate "2016.10.10"]
[SourceQuality "1"]

1. e4 c5 2. Nc3 Nc6 3. Bb5 e6 4. Bxc6 bxc6 5. f4 d5 6. d3 Ne7 7. Nf3 Ng6 8. 0-0 Bd6 9. Ne2 c4 10. e5 cxd3 11. cxd3 Qb6+ 12. Kh1 Be7 13. Qc2 c5 14. Be3 d4 15. Bf2 Bb7 16. Bg3 0-0 17. Nd2 f6 18. exf6 Rxf6 19. Nc4 Qa6 20. b3 Raf8 21. Rf2 h5 22. h3 e5 23. Raf1 Qe6 24. Kg1 h4 25. Bh2 exf4 26. Nxf4 Nxf4 27. Bxf4 g5 28. Be5 Rxf2 29. Rxf2 Bd5 30. Rxf8+ Bxf8 31. Qd2 Be7 32. Bb8 g4 33. hxg4 Qxg4 34. Ne5 Qg7 35. Qf2 Bg5 36. Kf1 Be3 37. Qe2 h3 38. g4 Qf6+ 0-1

[Event "Abu Dhabi op 23rd"]
[Site "Abu Dhabi"]
[Date "2016.08.21"]
[Round "1"]
[White "Fawzy, Adham"]
[Black "Likhit, Chilukuri"]
[Result "1/2-1/2"]
[WhiteElo "2440"]
[BlackElo "2133"]
[PlyCount "82"]
[EventDate "2016.08.21"]
[EventType "swiss"]
[EventRounds "9"]
[EventCountry "UAE"]
[SourceTitle "CBM 174 Extra"]
[Source "ChessBase"]
[SourceDate "2016.10.10"]
[SourceVersion "1"]
[SourceVersionDate "2016.10.10"]
[SourceQuality "1"]

1. d4 Nf6 2. c4 g6 3. Nc3 Bg7 4. e4 d6 5. Bd3 0-0 6. Nge2 c5 7. d5 a6 8. 0-0 b5 9. cxb5 Qa5 10. Bd2 Nbd7 11. Ng3 h5 12. f3 h4 13. Nh1 Ne5 14. Be2 c4 15. a4 axb5 16. Nxb5 Qb6+ 17. Nf2 Bd7 18. Bc3 Bxb5 19. axb5 Qxb5 20. Qd2 Nh7 21. Rxa8 Rxa8 22. f4 Bh6 23. Qd4 Bxf4 24. Ng4 Bg5 25. Nxe5 dxe5 26. Qxe5 Qc5+ 27. Kh1 Bf6 28. Qf4 g5 29. Qf5 Bxc3 30. Qxf7+ Kh8 31. bxc3 Qe3 32. Bxc4 Qxc3 33. Be2 Qb2 34. Bd3 Qd4 35. Qf3 Rf8 36. Qe2 Rxf1+ 37. Qxf1 Nf6 38. g3 Kg7 39. gxh4 Nxe4 40. Kg2 Qxd5 41. Qf3 Nf6 1/2-1/2

[Event "Barcelona Sant Marti op-A 18th"]
[Site "Barcelona"]
[Date "2016.07.21"]
[Round "9"]
[White "Dardha, Arben"]
[Black "Likhit, Chilukuri"]
[Result "1-0"]
[WhiteElo "2330"]
[BlackElo "2030"]
[PlyCount "47"]
[EventDate "2016.07.13"]
[EventType "swiss"]
[EventRounds "9"]
[EventCountry "ESP"]
[SourceTitle "CBM 173 Extra"]
[Source "ChessBase"]
[SourceDate "2016.08.29"]
[SourceVersion "1"]
[SourceVersionDate "2016.08.29"]
[SourceQuality "1"]

1. d4 Nf6 2. Bf4 d5 3. c4 c5 4. e3 Nc6 5. Nc3 cxd4 6. exd4 Be6 7. c5 g6 8. Nf3 Nh5 9. Be3 Bg7 10. Qd2 Nf6 11. Bd3 Qc8 12. Bh6 Bxh6 13. Qxh6 Bf5 14. Be2 Be4 15. Nxe4 dxe4 16. Ne5 Qc7 17. Nxc6 bxc6 18. 0-0 Rb8 19. b3 Qd7 20. Rad1 Qf5 21. f3 exf3 22. Bxf3 Qd7 23. Rfe1 Rg8 24. Qf4 1-0

[Event "Barcelona Sant Marti op-A 18th"]
[Site "Barcelona"]
[Date "2016.07.17"]
[Round "5"]
[White "Garcia Ramos, Daniel"]
[Black "Likhit, Chilukuri"]
[Result "1-0"]
[WhiteElo "2195"]
[BlackElo "2030"]
[PlyCount "77"]
[EventDate "2016.07.13"]
[EventType "swiss"]
[EventRounds "9"]
[EventCountry "ESP"]
[SourceTitle "CBM 173 Extra"]
[Source "ChessBase"]
[SourceDate "2016.08.29"]
[SourceVersion "1"]
[SourceVersionDate "2016.08.29"]
[SourceQuality "1"]

1. e4 e6 2. d4 d5 3. Bd3 dxe4 4. Bxe4 Nf6 5. Bf3 c5 6. Ne2 Nc6 7. Be3 e5 8. Bxc6+ bxc6 9. dxe5 Qxd1+ 10. Kxd1 Ng4 11. Nd2 Nxe5 12. Re1 Be7 13. Nc3 0-0 14. Nce4 Ng4 15. Bxc5 Bxc5 16. Nxc5 Nxf2+ 17. Kc1 Ng4 18. Nf3 Rd8 19. c3 Kf8 20. h3 Nf6 21. b4 Nd5 22. Kb2 Nf4 23. Rad1 Rxd1 24. Rxd1 Nxg2 25. Rd8+ Ke7 26. Rg8 Kf6 27. Ne4+ Kg6 28. Nd6 Bb7 29. Ne8 Nf4 30. Rxg7+ Kh6 31. Rxf7 Rxe8 32. Rxb7 Nxh3 33. Rxa7 Rc8 34. a4 Kg6 35. Rb7 Nf4 36. a5 h5 37. a6 Kf5 38. a7 Ra8 39. Nd4+ 1-0

[Event "Barbera del Valles op 39th"]
[Site "Barbera del Valles"]
[Date "2016.07.12"]
[Round "9"]
[White "Likhit, Chilukuri"]
[Black "Perez Garcia, Adria"]
[Result "1-0"]
[WhiteElo "2030"]
[BlackElo "1984"]
[PlyCount "93"]
[EventDate "2016.07.04"]
[EventType "swiss"]
[EventRounds "9"]
[EventCountry "ESP"]
[SourceTitle "EXT 2017"]
[Source "ChessBase"]
[SourceDate "2016.10.25"]
[SourceVersion "1"]
[SourceVersionDate "2016.10.25"]
[SourceQuality "1"]

1. c4 c6 2. Nc3 d5 3. e3 Nf6 4. Nf3 e6 5. Qc2 Nbd7 6. b3 Bd6 7. Bb2 0-0 8. Rg1 Ne5 9. Nxe5 Bxe5 10. f4 Bc7 11. 0-0-0 e5 12. fxe5 Bxe5 13. cxd5 Nxd5 14. Nxd5 Qxd5 15. d4 Bc7 16. Bd3 g6 17. Kb1 Bb6 18. e4 Qd8 19. Bc4 Be6 20. Bxe6 fxe6 21. Qc4 Qd6 22. Rge1 Ba5 23. Re2 b5 24. Qc5 Qxc5 25. dxc5 Rad8 26. Rd6 Rf1+ 27. Kc2 Rxd6 28. cxd6 Kf7 29. Bd4 Bb6 30. Bxb6 axb6 31. e5 Ke8 32. Kd3 Kd7 33. Re3 Rf5 34. g4 Rf2 35. Rh3 Rf7 36. Ke4 Ke8 37. Rf3 Ra7 38. Rf2 g5 39. Kd4 Ra5 40. Ke4 Ra7 41. Rf6 Rxa2 42. Rxe6+ Kd8 43. Kf5 c5 44. Rf6 Rf2+ 45. Ke6 Rxf6+ 46. exf6 c4 47. f7 1-0

[Event "Barbera del Valles op 39th"]
[Site "Barbera del Valles"]
[Date "2016.07.08"]
[Round "5"]
[White "Likhit, Chilukuri"]
[Black "Ivana Maria, Furtado"]
[Result "0-1"]
[WhiteElo "2030"]
[BlackElo "2188"]
[PlyCount "88"]
[EventDate "2016.07.04"]
[EventType "swiss"]
[EventRounds "9"]
[EventCountry "ESP"]
[SourceTitle "EXT 2017"]
[Source "ChessBase"]
[SourceDate "2016.10.25"]
[SourceVersion "1"]
[SourceVersionDate "2016.10.25"]
[SourceQuality "1"]

1. e4 e6 2. d4 d5 3. Nd2 Nf6 4. e5 Nfd7 5. Bd3 c5 6. c3 Nc6 7. Ne2 cxd4 8. cxd4 f6 9. exf6 Nxf6 10. Nf3 Bd6 11. 0-0 Qc7 12. Nc3 a6 13. Bd2 0-0 14. Rc1 h6 15. h3 g5 16. Na4 Ne4 17. Be3 Nf6 18. Re1 Qd8 19. Ne5 Bd7 20. f4 gxf4 21. Bxf4 Nxd4 22. Bxh6 Bxa4 23. Qxa4 Qb6 24. Kh1 Ne4 25. Bxe4 Bxe5 26. Bxf8 Rxf8 27. Bh7+ Kxh7 28. Rxe5 Qxb2 29. Qd7+ Kg6 30. Rce1 Qf2 31. Qe7 Rf5 32. R5e3 Rf6 33. Qe8+ Kg7 34. Qe7+ Kg6 35. Qe8+ Kg7 36. Qe7+ Kg6 37. Qxb7 Nf5 38. Qb1 Kf7 39. Rb3 Ng3+ 40. Kh2 Ne4 41. Rb7+ Kg6 42. Rb3 Rf8 43. Rbe3 Rg8 44. Rg1 Qxe3 0-1

[Event "Mumbai Wealth op"]
[Site "Mumbai"]
[Date "2016.02.04"]
[Round "8"]
[White "Likhit, Chilukuri"]
[Black "Navalgund, Niranjan"]
[Result "0-1"]
[WhiteElo "1867"]
[BlackElo "2223"]
[PlyCount "104"]
[EventDate "2016.01.28"]
[EventType "swiss"]
[EventRounds "9"]
[EventCountry "IND"]
[SourceTitle "CBM 170 Extra"]
[Source "ChessBase"]
[SourceDate "2016.02.25"]
[SourceVersion "1"]
[SourceVersionDate "2016.02.25"]
[SourceQuality "1"]

1. e4 e5 2. Nf3 Nc6 3. Bc4 Bc5 4. c3 Nf6 5. d3 a6 6. Bb3 d6 7. h3 h6 8. Nbd2 0-0 9. Nf1 d5 10. Qe2 Be6 11. Bc2 Re8 12. g4 Bf8 13. Ng3 b5 14. g5 dxe4 15. gxf6 exf3 16. Qxf3 Bd5 17. Ne4 Bxe4 18. Qxe4 Qxf6 19. 0-0 Ne7 20. Kh2 Ng6 21. Be3 Qh4 22. Qf3 Bd6 23. Kh1 Nf4 24. Bxf4 Qxf4 25. Qxf4 exf4 26. Bd1 Rab8 27. Bf3 b4 28. Rfe1 g6 29. Kg2 a5 30. Kf1 Kg7 31. Rxe8 Rxe8 32. Re1 Rb8 33. c4 c5 34. Kg2 Kf6 35. Bd5 a4 36. Bc6 a3 37. b3 Be5 38. Kf3 Rd8 39. Bd5 g5 40. Kg4 h5+ 41. Kf3 Bc3 42. Re2 Rg8 43. Re4 Bd4 44. Re2 Ba1 45. Re1 Bb2 46. Bc6 Be5 47. Rg1 Bd4 48. Bd5 Re8 49. Be4 Re5 50. Re1 Kg7 51. Rg1 f5 52. Bd5 Kf6 0-1

[Event "Mumbai Wealth op"]
[Site "Mumbai"]
[Date "2016.01.31"]
[Round "4"]
[White "Stany, George Anthony"]
[Black "Likhit, Chilukuri"]
[Result "1-0"]
[WhiteElo "2421"]
[BlackElo "1867"]
[PlyCount "85"]
[EventDate "2016.01.28"]
[EventType "swiss"]
[EventRounds "9"]
[EventCountry "IND"]
[SourceTitle "CBM 170 Extra"]
[Source "ChessBase"]
[SourceDate "2016.02.25"]
[SourceVersion "1"]
[SourceVersionDate "2016.02.25"]
[SourceQuality "1"]

1. e4 e6 2. d4 d5 3. Nd2 Nf6 4. e5 Nfd7 5. Bd3 c5 6. c3 Nc6 7. Ne2 cxd4 8. cxd4 f6 9. exf6 Nxf6 10. 0-0 Bd6 11. Nf3 Qc7 12. Bg5 0-0 13. Rc1 Bd7 14. Re1 h6 15. Bh4 Nh5 16. Bb1 Be8 17. Qd3 g6 18. Qe3 Nf4 19. Bg3 Rf6 20. Ne5 Nxe2+ 21. Rxe2 Qg7 22. Ng4 Bxg3 23. Nxf6+ Qxf6 24. hxg3 Nxd4 25. Ree1 Bf7 26. Qxh6 Be8 27. Rcd1 Bf7 28. Rc1 Nc6 29. Rc3 e5 30. Rf3 Qg7 31. Qxg7+ Kxg7 32. Rb3 Rb8 33. f3 Kf6 34. Kf2 Be6 35. Rc1 Nd4 36. Rb4 Bd7 37. f4 Nc6 38. fxe5+ Nxe5 39. Rf4+ Bf5 40. Ke3 Ke6 41. Bxf5+ gxf5 42. Rh4 Nf7 43. Rc7 1-0